| 000 | 01490nam0a2200301 4500 | ||
|---|---|---|---|
| 001 | RU\NLR\bibl\79834 | ||
| 005 | 20260405140031.0 | ||
| 010 |
_a5-7485-0037-Х _9250 |
||
| 021 |
_aRU _b2000-289 _916 |
||
| 035 | _a(NLR Aleph) 000077934 | ||
| 090 |
_a432749 _c432749 |
||
| 100 | _a20000411d1999 |||y0rusy50 ca | ||
| 101 | 0 | _arus | |
| 102 | _aRU | ||
| 105 | _ay ||||||||| | ||
| 200 | 1 |
_aОбучение личного состава и проверка его готовности к службе в наряде по конвоированию и охране ИВС ОВД _eУчеб.-метод. пособие _fВ.Г. Дорогин, С.А. Герасимов _gМ-во внутр. дел Рос. Федерации, Сарат. юрид. ин-т |
|
| 210 |
_aСаратов _cСЮИ МВД России _d1999 |
||
| 215 |
_a74, [1] c. _d21 |
||
| 606 | 0 |
_aИзоляторы временного содержания _jМетодические пособия _xРежим _yРоссийская Федерация _92161578 _3RU\NLR\auth\661300841 |
|
| 686 | _aХ621.163.04я7 | ||
| 700 | 1 |
_aДорогин _bВ. Г. _gВладимир Глебович _4070 |
|
| 701 | 1 |
_4070 _7ca _8rus _aГерасимов _bС. А. _cюрист _gСергей Александрович _939268 _3RU\NLR\auth\7756336 |
|
| 801 | 0 |
_aRU _bNLR _c20000411 _gPSBO |
|
| 801 | 1 |
_aRU _bNLR _c20000411 |
|
| 852 |
_aNLR _j2000-4/468 |
||
| 942 | _cBOOK | ||
| 980 | _aNB | ||